000 00727cam a2200253a 4500
999 _c331
_d331
001 00512809
003 OSt
005 20190806135715.0
008 051011s2003 enka b 001 0 eng
010 _a2003274265
020 _a0199249733 (pbk.)
024 3 _a9780199249732
040 _aUKM
_beng
_cUKM
_dIXA
_dDLC
_dNCHU
042 _alccopycat
082 0 4 _a541 KEE
100 1 _aKeeler, James.
_eauthor
245 1 0 _aWhy chemical reactions happen /
_cJames Keeler and Peter Wothers.
260 _aOxford ;
_aNew York :
_bOxford University Press,
_cc2003.
300 _aix, 243 p. :
_bill. ;
_c25 cm.
504 _aIncludes index.
650 0 _aChemical reactions.
700 1 _aWothers, Peter.
_eauthor
942 _2ddc
_cNFIC